| 000 | 01727nam a22002775a 4500 | ||
|---|---|---|---|
| 999 |
_c27070 _d27042 |
||
| 003 | EG-ScBUE | ||
| 005 | 20190203124955.0 | ||
| 008 | 190203s2011 ua frb 000 0 ara d | ||
| 040 |
_aEG-ScBUE _bara _cEG-ScBUE _dEG-ScBUE |
||
| 043 | _af-ua--- | ||
| 082 | 0 | 4 |
_a345.620242 _bس ك ي _222 |
| 100 | 1 | _4سكيكر، محمد علي. | |
| 245 | 1 | 2 |
_aالوجيز في الجرائم المضرة بالمصلحة العامة : _bمعلقا عليها بآراء الفقه و أحكام محكمة النقض / _cمحمد علي سكيكر. |
| 246 | 3 | 0 | _aجرائم المضرة بالمصلحة العامة |
| 260 |
_a[القاهرة] : _bنادي القضاة، _c2011. |
||
| 300 |
_a222 ص. ؛ _c24 سم. |
||
| 504 | _aيشتمل على إرجاعات ببليوجرافية. | ||
| 505 | 0 | _aيشتمل على جرائم : الرشوة - الاختلاس - الاستيلاء - التعسف في تحصيل الضرائب و الرسوم و العوائد - التربح - الإخلال عمدا بنظام توزيع السلع - الإخلال بعقود مبرمة مع الحكومة أو قطاع الأعمال العام - الأضرار العمدي بالأموال و المصالح العامة - الإهمال المفضي إلى ضرر جسيم - الإهمال في الصيانة - التخريب - التزوير. | |
| 541 |
_aد. أحمد حمد ؛ _cإهداء ؛ |
||
| 650 | 7 |
_aجرائم الاختلاس _xقوانين وتشريعات _zمصر. _2BUEsh |
|
| 650 | 7 |
_aجرائم الرشوة _xقوانين وتشريعات _zمصر. _2BUEsh |
|
| 650 | 7 |
_aالتزوير _xقوانين وتشريعات _zمصر. _2BUEsh |
|
| 651 | _2BUEsh | ||
| 653 |
_bLLAAWW _cFebruary2019 |
||
| 942 | _2ddc | ||